Biggest U.S. Cities by Ending Letter - Statistics

General Stats
  • This quiz has been taken 324 times
    301 since last reset
  • The average score is 17 of 21
Answer Stats
Letter Population State City % Correct
A 1,567,000 PA Philadelphia
98%
O 2,721,000 IL Chicago
97%
R 683,000 CO Denver
97%
N 2,296,000 TX Houston
97%
K 8,550,000 NY New York
96%
X 1,563,000 AZ Phoenix
95%
U 353,000 HI Honolulu
94%
S 3,972,000 CA Los Angeles
94%
D 632,000 OR Portland
94%
I 441,000 FL Miami
93%
Y 631,000 OK Oklahoma City
93%
T 677,000 MI Detroit
92%
E 1,027,000 CA San Jose
89%
L 301,000 MN St. Paul
87%
H 833,000 TX Fort Worth
84%
F 70,000 AZ Flagstaff
73%
G 257,000 FL St. Petersburg
68%
M 351,000 CA Anaheim
54%
W 107,000 OK Broken Arrow
54%
C 71,000 NJ Passaic
31%
Z 64,000 CA Santa Cruz
17%
No matching quizzes found
Score Distribution
Percent of People with Each Score
Percentile by Number Answered
Your Score History
You have not taken this quiz since the last reset